000 00656nam a2200277Ia 4500
005 20260324144412.0
008 008 260324s9999 xx 000 0 eng d
020 _a9780429230004
037 _aEBOOK
040 _aCRL
040 _beng
040 _cCRL
041 _2eng
041 _aeng
084 _qCRL
100 _aDr Philip Bagwell; Philip Bagwell
_91219189
245 4 _aThe Transport Revolution 1770-1985
260 _bTaylor and Francis
260 _c1988
365 _a
365 _b230
856 _uhttp://www.taylorfrancis.com/books/9780429230004
942 _cEBOOK
999 _c1825757
_d1825757